Medzinárodné strategické aliancie

Pojem strategická aliancia v ekonomickej literatúre. Strategické aliancie ako funkcia vertikálnej integrácie a interdependencie aktivít partnerov. Účastníci a základné typy strategických aliancií. Príčiny vzniku strategických aliancií. Strategické aliancie v leteckom priemysle. Star Alliance. Onew...

Ausführliche Beschreibung

Gespeichert in:
Bibliographische Detailangaben
1. Verfasser: Ferenčíková, Soňa, 1960-
Weitere Verfasser: Hansenová, Heda, Chovanec, Rastislav
Format: Buchkapitel
Sprache:Slowakisch
Schlagworte:
Tags: Tag hinzufügen
Keine Tags, Fügen Sie das erste Tag hinzu!

MARC

LEADER 00000naa$a2200000$$$4500
001 0011895
005 20240502083122.3
041 0 |a slo 
044 |a CZ 
245 1 0 |a Medzinárodné strategické aliancie  |c aut. Soňa Ferenčíková, Heda Hansenová, Rastislav Chovanec 
520 |a Pojem strategická aliancia v ekonomickej literatúre. Strategické aliancie ako funkcia vertikálnej integrácie a interdependencie aktivít partnerov. Účastníci a základné typy strategických aliancií. Príčiny vzniku strategických aliancií. Strategické aliancie v leteckom priemysle. Star Alliance. Oneworld. Sky Team. 
610 2 0 |a aliancie strategické 
610 2 0 |a pojmy 
610 2 0 |a teórie ekonomické 
610 2 0 |a USA 
610 2 0 |a klasifikácia 
610 2 0 |a priemysel letecký 
610 2 0 |a investície kapitálové 
100 1 |a Ferenčíková, Soňa, 1960- 
700 1 |a Hansenová, Heda 
700 1 |a Chovanec, Rastislav